[Event "Brunei IM-B"]
[Site "Bandar Seri Begawan"]
[Date "2010.07.31"]
[Round "2"]
[White "Ansari, Mohd Athar"]
[Black "Yee, Soon Wei"]
[Result "0-1"]
[WhiteElo "2247"]
[BlackElo "2260"]
[PlyCount "52"]
[EventDate "2010.07.31"]
[EventType "tourn"]
[EventRounds "9"]
[EventCountry "BRN"]
[EventCategory "3"]
[SourceTitle "CBM 137 Extra"]
[Source "ChessBase"]
[SourceDate "2010.09.01"]
[SourceVersion "1"]
[SourceVersionDate "2010.09.01"]
[SourceQuality "1"]

1. e4 e5 2. Nf3 d6 3. d4 Nd7 4. Bc4 Be7 5. 0-0 Ngf6 6. Nc3 c6 7. Qe2 b5 8. Bb3 0-0 9. d5 b4 10. dxc6 Nc5 11. Nd5 a5 12. Nxf6+ Bxf6 13. Rd1 Ba6 14. Bc4 Qc7 15. Bxa6 Rxa6 16. Bg5 Bxg5 17. Nxg5 h6 18. Nf3 Rxc6 19. Rd5 Ne6 20. Rd2 Nf4 21. Qd1 f5 22. g3 Nh3+ 23. Kg2 fxe4 24. Nxe5 Nxf2 25. Rxf2 Rxf2+ 26. Kxf2 Rxc2+ 0-1